000 00555nam a2200181Ia 4500
008 090124s9999 xx 000 0 und d
082 _b18489
100 _aदेवधर ज्योत्स्ना
245 _a चुकामूक
250 _a2
260 _bमेनका प्रकाशन
_c1975
300 _a157
600 _aदेवधर ज्योत्स्ना
630 _a चुकामूक
700 _aदेवधर ज्योत्स्ना
730 _a चुकामूक
942 _cBOOK
999 _c89546
_d89546